000
00386nam a2200133Ia 4500
008
100328s9999 xx 000 0 und d
082
_b
25301
100
_a
मित्र नरेंद्र नाथ
245
_a
महानगर
260
_b
हिन्द पॉकेट बुक्स
630
_a
महानगर
730
_a
महानगर
942
_c
BOOK
999
_c
518233
_d
518230